[Event "US Open-113"]
[Site "Vancouver"]
[Date "2012.08.11"]
[Round "8"]
[White "Strong, Edward"]
[Black "Davis, Joe P"]
[Result "1-0"]
[WhiteElo "1198"]
[BlackElo "1648"]
[PlyCount "67"]
[EventDate "2012.08.04"]
[EventType "swiss"]
[EventRounds "9"]
[EventCountry "USA"]
[SourceTitle "CBM 149 Extra"]
[Source "ChessBase"]
[SourceDate "2012.08.24"]
[SourceVersion "1"]
[SourceVersionDate "2012.08.24"]
[SourceQuality "1"]

1. e4 e5 2. Nf3 Nc6 3. Bc4 Bc5 4. c3 Nf6 5. d4 exd4 6. e5 d5 7. Bb5 Ne4 8. cxd4 Bb4+ 9. Bd2 Nxd2 10. Nbxd2 0-0 11. a3 Ba5 12. 0-0 Bg4 13. Qc2 Ne7 14. h3 Bf5 15. Bd3 Qd7 16. Bxf5 Qxf5 17. Qb3 Bb6 18. a4 a5 19. Rfd1 Rad8 20. Nf1 Nc6 21. Ne3 Qe4 22. Qc3 Nb4 23. Rd2 Rfe8 24. Nc2 Nxc2 25. Rxc2 h6 26. Re1 Qf5 27. Rcc1 Re6 28. b4 Qf4 29. bxa5 Rc6 30. Qb2 Rg6 31. Re3 Bxa5 32. Qxb7 Rb6 33. Qxc7 Rbb8 34. Qxa5 1-0